| 000 | 01588nam0a2200409 4500 | ||
|---|---|---|---|
| 001 | RU\NLR\BIBL_A\012570841 | ||
| 005 | 20210921151612.0 | ||
| 021 |
_aRU _bЖЛ-П-21-022802 _9ЖЛ-П-21-1229 |
||
| 035 | _a(NLR Aleph) 012570841 | ||
| 090 |
_a12490678 _c12490678 |
||
| 100 | _a20210727d2020 e y0rusy50 ca | ||
| 101 | 1 |
_arus _cund |
|
| 102 | _aRU | ||
| 105 | _aa t 000ay | ||
| 181 | 0 |
_ai1 _bab2e |
|
| 181 | 0 |
_ab3 _bab2e |
|
| 182 | 0 | _an | |
| 200 | 1 |
_aКапитан Британия _e[комикс _eперевод] _fКрис Клэрмонт, Херб Тримп, Джон Бирн [и др.] _gMarvel |
|
| 203 |
_aТекст _aИзображение _bвизуальные _cнепосредственные |
||
| 205 | _a[Период. изд.] | ||
| 210 |
_aМосква _cHachette _d2020 |
||
| 215 |
_a[160] с. _cцв. ил. _d27 |
||
| 225 | 1 |
_aСупергерои Marvel _eофициальная коллекция _vвып. № 45 _x2619-1342 |
|
| 300 | _aОписано по обл. | ||
| 333 | _a16+ | ||
| 686 | 0 | _aЩ153(7США)65-475 | |
| 686 | 1 | _aШ6(7США)67-440.4комикс{Лх1979-50комикс} | |
| 701 | 1 |
_7ca _8rus _aКлэрмонт _bК. _f1950- _gКрис _9164206 _3RU\NLR\AUTH\770164250 |
|
| 701 | 1 |
_7ca _8rus _aТримп _bХ. _cхудожник _f1939-2015 _gХерб _9233778 _3RU\NLR\AUTH\770233834 |
|
| 701 | 1 |
_aБирн _bД. _gДжон |
|
| 942 | _cBOOK | ||
| 980 | _aNBR | ||
| 980 | _aNB | ||